01286nam a22003254a 4500001001200000003000800012006001900020007001500039008004100054010001700095020001500112020002200127040002100149035002100170050002500191082001200216245012000228260010600348300002500454504005100479533015200530650001800682650001900700650003800719655002900757700001600786710001700802856012600819999001500945ebr10272828CaPaEBRm u cr cn|||||||||020603s2003 nyua sb 001 0 eng  z 2002074902 z0195157400 z0195157419 (pbk.) aCaPaEBRcCaPaEBR a(OCoLC)30933694914aHB846.5b.P76 2003eb04a36322100aProviding global public goodsh[electronic resource] :bmanaging globalization /cedited by Inge Kaul ... [et al.]. aNew York :bPublished for the United Nations Development Project [by] Oxford University Press,c2003. axxii, 646 p. :bill. aIncludes bibliographical references and index. aElectronic reproduction.bPalo Alto, Calif. :cebrary,d2013.nAvailable via World Wide Web.nAccess may be limited to ebrary affiliated libraries. 0aPublic goods. 0aGlobalization. 0aInternational economic relations. 7aElectronic books.2local1 aKaul, Inge.2 aebrary, Inc.40uhttp://site.ebrary.com/lib/rucke/Doc?id=10272828zAn electronic book accessible through the World Wide Web; click to view c6339d6339